<?xml version="1.0" encoding="UTF-8"?>
<marc:record xmlns:marc="http://www.loc.gov/MARC21/slim">
   <marc:leader>00000nam a2200000 a 4500</marc:leader>
   <marc:datafield ind1="0" ind2="0" tag="245">
      <marc:subfield code="a">Feuerwehr</marc:subfield>
   </marc:datafield>
   <marc:datafield ind1=" " ind2="1" tag="264">
      <marc:subfield code="a">Nürnberg</marc:subfield>
      <marc:subfield code="b">Tessloff</marc:subfield>
      <marc:subfield code="c">2009</marc:subfield>
   </marc:datafield>
   <marc:datafield ind1="1" ind2=" " tag="490">
      <marc:subfield code="a">WAS IST WAS</marc:subfield>
   </marc:datafield>
   <marc:datafield ind1="1" ind2=" " tag="520">
      <marc:subfield code="a">Mit Blaulicht und Martinshorn rasen Feuerwehrautos zu ihren Einsätzen. Mutige Männer und Frauen riskieren ihr Leben, um Menschen zu retten und Brände zu löschen. Sie bergen Verletzte und sind zur Stelle, wenn Gefahr für die Umwelt droht. Wie trainieren sie für ihre Einsätze? Wie sind sie ausgerüstet? Wie oft werden sie alarmiert? Wir werfen einen Blick hinter die Kulissen einer deutschenund auch einer amerikanischen Feuerwehrstation. WAS IST WAS zeigt nicht nur den harten und aufregenden Dauereinsatz der Profis, sondern auch, wie sie von der Jugendfeuerwehr tatkräftig unterstützt werden.</marc:subfield>
   </marc:datafield>
   <marc:datafield ind1=" " ind2=" " tag="020">
      <marc:subfield code="a">5050582699067</marc:subfield>
      <marc:subfield code="9">5050582699067</marc:subfield>
   </marc:datafield>
   <marc:datafield ind1="0" ind2=" " tag="490">
      <marc:subfield code="v">0</marc:subfield>
   </marc:datafield>
</marc:record>
